000 01518cam a2200373 i 4500
999 _c64414
_d64414
001 33008082
003 CO-MdFUSB
005 20180821111353.0
008 950731t1995 miu g b 000 0 eng
010 _a95036683
020 _a0860124061 (pbk. : alk. paper)
020 _a9780860124061 (pbk. : alk. paper)
040 _aDLC
_cCO-MdFUSB
_dCO-MdFUSB
_dBTCTA
_dYDXCP
_dOCLCG
_dXBE
_dCDX
_dLML
_dNhCcYME
_bspa
_erda
041 1 _aeng
_hger
082 _224
_aG 231.7652
_bR238i
100 0 _aBenedict
_cPope,
_d1927-
_eautor
240 1 0 _aIm Anfang schuf Gott.
245 1 0 _aIn the beginning
_b: a Catholic understanding of Creation and the fall
_c/ Cardinal Joseph Ratzinger ; traducido por Boniface Ramsey.
264 1 _aGrand Rapids, Mich. :
_aLondon, England :
_bWilliam B. Eerdmans Pub. Co.,
_bt&t clark,
_c℗[1995]
264 4 _c©1995
300 _axii, 100 páginas ;
_c23 cm.
336 _2rdacontent
_atexto
_btxt
337 _2rdamedia
_asin mediación
_bn
338 _2rdacarrier
_avolumen
_bnc
490 1 _aRessourcement : retrieval & renewal in Catholic thought.
500 _aTraducido de Alemán.
505 _aDios el creador -- El significado de los relatos de la creación bíblica -- La creación del ser humano -- El pecado y la salvación -- Las consecuencias de la fe en la creación
650 7 _aCreación
_9251
650 7 _aSermones
_9283
830 0 _aRessourcement (Grand Rapids, Mich.)
942 _cBK